<?xml version="1.0" encoding="UTF-8"?><?xml-stylesheet type="text/xsl" href="static/style.xsl"?><OAI-PMH xmlns="http://www.openarchives.org/OAI/2.0/" xmlns:xsi="http://www.w3.org/2001/XMLSchema-instance" xsi:schemaLocation="http://www.openarchives.org/OAI/2.0/ http://www.openarchives.org/OAI/2.0/OAI-PMH.xsd"><responseDate>2026-06-29T02:43:03Z</responseDate><request verb="GetRecord" identifier="oai:docta.ucm.es:20.500.14352/105627" metadataPrefix="marc">https://docta.ucm.es/rest/oai/request</request><GetRecord><record><header><identifier>oai:docta.ucm.es:20.500.14352/105627</identifier><datestamp>2024-07-05T00:00:06Z</datestamp><setSpec>com_20.500.14352_14</setSpec><setSpec>col_20.500.14352_15</setSpec></header><metadata><record xmlns="http://www.loc.gov/MARC21/slim" xmlns:dcterms="http://purl.org/dc/terms/" xmlns:xsi="http://www.w3.org/2001/XMLSchema-instance" xmlns:doc="http://www.lyncode.com/xoai" xsi:schemaLocation="http://www.loc.gov/MARC21/slim http://www.loc.gov/standards/marcxml/schema/MARC21slim.xsd">
   <leader>00925njm 22002777a 4500</leader>
   <datafield ind2=" " ind1=" " tag="042">
      <subfield code="a">dc</subfield>
   </datafield>
   <datafield ind2=" " ind1=" " tag="720">
      <subfield code="a">Horowitz, Minna</subfield>
      <subfield code="e">author</subfield>
   </datafield>
   <datafield ind2=" " ind1=" " tag="720">
      <subfield code="a">Cushion, Stephen</subfield>
      <subfield code="e">author</subfield>
   </datafield>
   <datafield ind2=" " ind1=" " tag="720">
      <subfield code="a">Dragomir, Marius</subfield>
      <subfield code="e">author</subfield>
   </datafield>
   <datafield ind2=" " ind1=" " tag="720">
      <subfield code="a">Gutiérrez Manjón, Sergio</subfield>
      <subfield code="e">author</subfield>
   </datafield>
   <datafield ind2=" " ind1=" " tag="720">
      <subfield code="a">Pantti, Mervi</subfield>
      <subfield code="e">author</subfield>
   </datafield>
   <datafield ind2=" " ind1=" " tag="260">
      <subfield code="c">2021-10-11</subfield>
   </datafield>
   <datafield ind2=" " ind1=" " tag="520">
      <subfield code="a">Public service media (PSM) are widely acknowledged as part of the variety of solutions to disinformation. The remit of PSM, formed around values of universality, equality, diversity, accuracy and quality, implies a responsibility to fight disinformation by producing fact-based news content and finding anti-disinformation solutions. In this article, we introduce a framework for assessing how PSM organizations are able to counter disinformation in different contexts. Our normative framework provides a triangulation of contextual factors that determine the role of the PSM organization in the national environment, the activities carried out to fight disinformation and expert assessments of the potential of PSM to reduce the impact of disinformation. The framework is illustrated with analyses of PSM from the Czech Republic (CZE), Finland, Spain and the United Kingdom (UK).</subfield>
   </datafield>
   <datafield ind1="8" ind2=" " tag="024">
      <subfield code="a">Horowitz, M., Cushion, S., Dragomir, M., Gutiérrez-Manjón, S. &amp; Pantti, M. (2022) A Framework for Assessing the Role of Public Service Media Organizations in Countering Disinformation, Digital Journalism, 10 (5), 843-865. https://doi.org/10.1080/21670811.2021.1987948</subfield>
   </datafield>
   <datafield ind1="8" ind2=" " tag="024">
      <subfield code="a">10.1080/21670811.2021.1987948</subfield>
   </datafield>
   <datafield ind1="8" ind2=" " tag="024">
      <subfield code="a">https://hdl.handle.net/20.500.14352/105627</subfield>
   </datafield>
   <datafield ind1="8" ind2=" " tag="024">
      <subfield code="a">https://doi.org/10.1080/21670811.2021.1987948</subfield>
   </datafield>
   <datafield ind1="8" ind2=" " tag="024">
      <subfield code="a">https://www.tandfonline.com/doi/full/10.1080/21670811.2021.1987948</subfield>
   </datafield>
   <datafield ind2="0" ind1="0" tag="245">
      <subfield code="a">A Framework for Assessing the Role of Public Service Media Organizations in Countering Disinformation</subfield>
   </datafield>
</record></metadata></record></GetRecord></OAI-PMH>